| 000 | 00994nam a22002535i 4500 | ||
|---|---|---|---|
| 001 | 170155 | ||
| 003 | ES-MaACL | ||
| 005 | 20230906214313.0 | ||
| 008 | 090206s1930 fr |||| | fre d | ||
| 080 | _a782.089.6 | ||
| 100 | 1 |
_aLehár, Franz. _971322 |
|
| 245 | 1 | 3 |
_aLe pays du sourire [ _hMúsica impresa] _b: opérette romantique en trois actes : partition complète pour chant seul / _cde Ludwig Herzer et Fritz Löhner d'après Victor Léon ; adaptation française de André Mauprey et Jean Marietti ; musique de Franz Lehar. |
| 260 |
_aParis : _bMax Eschig, _c[ca. 1930] |
||
| 300 |
_a64 p. ; _c17 cm. |
||
| 650 | 4 |
_aÓperas- _xPartituras vocales. _9137997 |
|
| 700 | 1 |
_aHerzer, Ludwig. _9139371 |
|
| 700 | 1 |
_aLöhner, Fritz. _9139372 |
|
| 700 | 1 |
_aLeón, Victor. _971598 |
|
| 700 | 1 |
_aMauprey, André. _9139373 |
|
| 700 | 1 |
_aMarietti, Jean. _9215818 |
|
| 852 | 4 |
_aES-MaACL _j2246-F-16 _z- Biblioteca Jacinto Martínez Lacalle |
|
| 942 | _2udc | ||
| 999 |
_c170155 _d170155 |
||